Elecciones y democracia en El Salvador
Guardado en:
| Formato: | Texto |
|---|---|
| Materias: | |
| Etiquetas: |
Agregar Etiqueta
Sin Etiquetas, Sea el primero en etiquetar este registro!
|
MARC
| LEADER | 00000 a a2200000 04500 | ||
|---|---|---|---|
| 001 | 6640 | ||
| 003 | |||
| 040 | |||
| 245 | |a Elecciones y democracia en El Salvador | ||
| 650 | |a SISTEMAS ELECTORALES | ||
| 650 | |a DEMOCRACIA | ||
| 650 | |a EL SALVADOR | ||
| 773 | |g volumen 23, número 1038; páginas 5-6 | ||
| 999 | |c 34928 |d 34928 | ||
